Dynamics / (Record no. 1846)

MARC details
000 -LEADER
fixed length control field 01150nam a2200289 i 4500
003 - CONTROL NUMBER IDENTIFIER
control field EG-ScBUE
005 - DATE AND TIME OF LATEST TRANSACTION
control field 20250521082929.0
008 - FIXED-LENGTH DATA ELEMENTS--GENERAL INFORMATION
fixed length control field 250429t1963 caua f 001 0 eng d
035 ## - SYSTEM CONTROL NUMBER
System control number (OCoLC)1219420
040 ## - CATALOGING SOURCE
Original cataloging agency EG-ScBUE
Language of cataloging eng
Description conventions rda
Transcribing agency EG-ScBUE
Modifying agency EG-ScBUE
082 04 - DEWEY DECIMAL CLASSIFICATION NUMBER
Classification number 531.3
Item number GOO
Edition number 22
100 1# - MAIN ENTRY--PERSONAL NAME
Personal name Goodman, Lawrence E.,
Relator term author.
245 00 - TITLE STATEMENT
Title Dynamics /
Statement of responsibility, etc by Lawrence E. Goodman, professor of mechanics, Department of Aeronautics and Engineering Mechanics, University of Minnesota and William H. Warner, associate professor, Department of Aeronautics and Engineering Mechanics, University of Minnesota.
264 #1 - PUBLICATION, DISTRIBUTION, ETC. (IMPRINT)
Place of publication, distribution, etc Belmont, California,
Name of publisher, distributor, etc Wadsworth Publishing Company, Inc.,
Date of publication, distribution, etc [1963]
264 #4 - PUBLICATION, DISTRIBUTION, ETC. (IMPRINT)
Date of publication, distribution, etc c1963
300 ## - PHYSICAL DESCRIPTION
Extent xiii, 619 pages :
Other physical details illustrations ;
Dimensions 24 cm
336 ## - CONTENT TYPE
Source rdacontent
Content type term text
Content type code txt
337 ## - MEDIA TYPE
Media type term unmediated
Source rdamedia
Media type code n
338 ## - CARRIER TYPE
Carrier type term volume
Carrier type code nc
Source rdacarrier
500 ## - GENERAL NOTE
General note Includes Appendices.
500 ## - GENERAL NOTE
General note Includes index.<br/>
650 #7 - SUBJECT ADDED ENTRY--TOPICAL TERM
Topical term or geographic name as entry element Dynamics.
Source of heading or term BUEsh
655 ## - INDEX TERM--GENRE/FORM
Form subdivision Reading book
700 1# - ADDED ENTRY--PERSONAL NAME
Personal name Warner, William H.
Fuller form of name (William Hamer),
Dates associated with a name 1929-,
Relator term author.
942 ## - ADDED ENTRY ELEMENTS (KOHA)
Koha item type Book - Borrowing
Source of classification or shelving scheme Dewey Decimal Classification
Holdings
Withdrawn status Lost status Source of classification or shelving scheme Damaged status Not for loan Home library Current library Shelving location Date acquired Source of acquisition Total Checkouts Total Renewals Full call number Barcode Date last seen Date checked out Price effective from Koha item type
    Dewey Decimal Classification     Central Library Central Library First floor 18/12/2006 Donation 1 12 531.3 GOO 000002471 15/07/2025 05/10/2016 18/12/2006 Book - Borrowing